| 000 | 00504nam a2200169 i 4500 | ||
|---|---|---|---|
| 001 | 81498 | ||
| 003 | ES-MaACL | ||
| 005 | 20230906174441.0 | ||
| 007 | t| | ||
| 008 | 041104s1961 sp ||||1| spa d | ||
| 100 | 1 |
_aHuber, Siegfried. _964487 |
|
| 245 | 1 | 3 |
_aEl imperio Inca _b: Siegfried Huber ; traducción de Ana María Hosselbarth. |
| 260 |
_aBarcelona : _bJano, _c1961. |
||
| 300 |
_a286 p., 29 lám. ; _c25 cm. |
||
| 700 | 1 |
_aHosselbarth, Ana María. _964291 |
|
| 852 |
_aES-MaACL _jA-3951 _bR.47951 |
||
| 999 |
_c81498 _d81498 |
||